| 000 | 01073nam a2200277 i 4500 | ||
|---|---|---|---|
| 003 | EG-ScBUE | ||
| 005 | 20231218122940.0 | ||
| 008 | 100616s2009 ua f 000 0 ara d | ||
| 017 | _a2008 / 14733 | ||
| 020 | _a9789770924893 | ||
| 040 |
_aEG-ScBUE _bara _erda _cEG-ScBUE _dEG-ScBUE |
||
| 043 | _af-ua--- | ||
| 082 | 0 | 4 |
_222 _a962.03 _bغ ر ب |
| 100 | 1 |
_914832 _aغربال، شفيق، _eمؤلف. |
|
| 245 | 1 | 2 |
_aالجنرال يعقوب والفارس لاسكاريس: _bومشروع استقلال مصر في سنة 1801 / _cشفيق غربال ؛ تقديم ودراسة د. محمد عفيفي. |
| 250 | _aالطبعة الأولى. | ||
| 264 | 1 |
_aالقاهرة : _bدار الشروق، _c2009. |
|
| 300 |
_a68 صفحة ؛ _c24 سم |
||
| 336 |
_2rdacontent _aنص _btxt |
||
| 337 |
_aبدون وسيط _2rdamedia _bn |
||
| 338 |
_aمجلد _bnc _2rdacarrier |
||
| 651 | 7 |
_aمصر _xتاريخ _yالحملة الفرنسية (1798-1801 م.). _2BUEsh |
|
| 655 | _vReading book | ||
| 700 | 1 |
_914833 _aعفيفي، محمد، _eمقدم. |
|
| 942 |
_2ddc _cBB |
||
| 999 |
_c14103 _d14103 |
||